[Event "GER-ch 70th"]
[Site "Bremen"]
[Date "1998.11.14"]
[Round "9"]
[White "Hickl, Joerg"]
[Black "Enders, Peter"]
[Result "1-0"]
[WhiteElo "2540"]
[BlackElo "2485"]
[Annotator "Hansen,Cu"]
[PlyCount "87"]
[EventDate "1998.11.06"]
[EventType "swiss"]
[EventRounds "9"]
[EventCountry "GER"]
[SourceTitle "CBM 068"]
[Source "ChessBase"]
[SourceDate "1999.02.01"]
[SourceVersion "1"]
[SourceVersionDate "1999.02.01"]
[SourceQuality "1"]

{[%mdl 2]} 1. g3 e5 2. Bg2 d5 3. d3 Nf6 4. Nf3 Bd6 5. Nc3 c6 6. e4 h6 7. O-O
dxe4 $6 {Not logical. Black stopped Bc1-g5 by playing h7-h6. But what would
white achieve with the pin on Nf6? He would force black to release the tension
in the center by playing either d5xe4 or d5-d4. Now that black has voluntarily
taken on e4 the move h7-h6 looks like a waste of time at best.} 8. dxe4 O-O 9.
Nh4 {[%csl Gf5,Rh6] The move h7-h6 stopped Lc1-g5, which however was no real
threat to the stability of blacks postion. It is logical that white now wants
to play Nh4-f5 since h7-h6 made the normal defensive move g7-g6 impossible} Bc7
10. h3 Be6 11. Nf5 Bxf5 12. Qxd8 Rxd8 13. exf5 $14 {[%csl Ge4][%cal Yg3g5,
Yg2a8] The exchange Bc8xf5 e4xf5 has given white a number of positional
advantages which by far outweigh the disadvantage of the doubled f-pawns.   1)
White has the ^^ 2) the /^ h1-a8 has been opened for Bg2 3) White has a () on
the K-side and possibilies of increasing it with g3-g4-g5, 4) White has a
potentially good square for his N on e4} Na6 {[%cal Ya6b4,Yb4c2]} 14. a3 Nc5
15. Be3 {I am not sure if white should allow the following exchange of
blacksquared Bs} (15. Re1 $5 Ncd7 16. g4 $36) 15... Bb6 16. Rfe1 {[%csl Re5]
White is beginning to show some interest in the e5-P} Ncd7 17. Rad1 Bxe3 18.
Rxe3 Kf8 19. b3 {A prophylactic move. The manouvre Nd7-b6 threatening Nc4 and
the exchange of one pair of Rs is stopped.} Re8 20. g4 {[%cal Yg2f3,Yh3h4,
Yg4g5] At the moment whites pieces have no inroads to the black position.
However it becomes clear that Bg2-f3, and h3-h4 + g4-g5 would give black
serious problems} Re7 21. Kh2 {[%cal Yh2g3,Yh3h4]} Rc8 22. Kg3 Nb6 23. h4 Rce8
{[%cal Ye5e4,Yb6d5]} (23... Nbd5 {This seems to have been blacks idea with 21.
- Rc8} 24. Bxd5 cxd5 25. Nxd5 Nxd5 26. Rxd5 Rxc2 27. Rdxe5 Rxe5 28. Rxe5 $14)
24. Be4 (24. Rde1 Nbd5 {With further exchanges that would ease blacks defence})
24... Rd7 25. Rxd7 Nbxd7 26. Bf3 {With one rook exchanged e5-e4 is no longer
possible and white can force through g4-g5} Nb6 {[%cal Yf6d5]} 27. Re1 Re7 (
27... Nbd5 {This must have been blacks idea all the time} 28. Na4 $5 (28. Nxd5
Nxd5 29. g5 hxg5 30. hxg5 f6 $11)) (27... Nfd5 28. Ne4 $14) 28. g5 Ne8 29. Ne4
Nd5 30. c4 Nb6 31. Nc5 {[%cal Ye1d1,Yd1d8]} (31. Rd1 Rd7) 31... Nc8 32. Rd1
Ncd6 33. f6 $1 {Whites pieces are now so well-placed that black cannot remove
this "weak" double-P. And because it cannot be removed it is in fact very
strong} gxf6 34. gxf6 Rc7 35. Bg4 h5 36. Bh3 Kg8 37. Kf3 Kh7 38. Nd7 {[%csl
Rc7,Rd6,Re8]} c5 39. Nxe5 b5 40. Bd7 bxc4 41. bxc4 Rb7 42. Kf4 Rb6 (42... Rb2
43. f3 {[%cal Rd7e8,Rd1d7]}) 43. Bc6 Rb3 44. Nxf7 1-0

[Event "AUT-chT 1920"]
[Site "Austria"]
[Date "2019.10.10"]
[Round "1.5"]
[White "Hera, Imre Jr"]
[Black "Jovanovic, Dusan D"]
[Result "1-0"]
[WhiteElo "2610"]
[BlackElo "2418"]
[Annotator "Hera,I"]
[PlyCount "77"]
[EventDate "2019.10.10"]
[EventType "team-tourn"]
[EventRounds "11"]
[EventCountry "AUT"]
[SourceTitle "CBM 193 Extra"]
[Source "ChessBase"]
[SourceDate "2020.01.31"]
[SourceVersion "1"]
[SourceVersionDate "2020.01.31"]
[SourceQuality "1"]
[WhiteTeam "Fuerstenfeld"]
[BlackTeam "Bad Voeslau"]
[WhiteTeamCountry "AUT"]
[BlackTeamCountry "AUT"]

1. g3 Nf6 2. Bg2 e6 3. d3 {I used a special move order to avoid my opponent's
beloved Hedgehog system.} d5 4. Nd2 {It seems we tranpose to a normal King's
Indian Attack, but the Serbian international master finds an original handling.
} Nbd7 $5 {A quite rare reply.} 5. e4 dxe4 6. dxe4 Bc5 {This setup is known
from 1.e4 e6 2.d3 d5 3.Nd2 Nc6 4.Ngf3 Nf6 5.g3 dxe4 6.dxe4 e5, but now the
knight is on d7 instead of c6, which is somewhat more passive.} 7. Ngf3 e5 8.
O-O O-O {There are less than 30 games with this position, so there is still a
lot to discover. In my opinion White has to show up something palpable, until
Black develops his c8-bishop.} 9. Nh4 $5 {Basically a new idea at higher level.
I was curious whether my opponent allows me to get to f5. Besides, I also
strengthened the protection over the e4-pawn in order to mobilize my other
knight.} (9. Qe2 Re8 10. b3 a5 11. Bb2 b6 12. Nc4 Ba6 {happened in Grandelius
- A. Smith, Falun 2012. Such an unpleasant pin I definitely did not want to
face. Actually, the Swedish rising star lost that game pretty quickly.}) 9...
g6 $6 {This too cautious reply wastes couple of tempi.} (9... Re8 {was more to
the point, just like in the Reti structures.} 10. Nf5 (10. Nc4 b6) (10. Nb3 Bf8
) 10... Bf8 (10... b6 $5) 11. Nb3 a5 $132) 10. Nb3 Be7 11. Qe2 Ne8 ({On} 11...
a5 {I would have reacted with} 12. Bh6 Re8 13. Rad1) 12. Nf3 Bd6 $6 {A strange
concept. I understood that he wanted to close the only open file and keep the
g7-square vacated for a knight manoeuvre, but the bishop looks misplaced there
anyway.} (12... Bf6 {would have been more natural to cover the holes on the
kingside.} 13. Bh6 Bg7) 13. Na5 $1 {My favourite move of the game. This is
already the second time (after Nh4) when I occupied a square at the edge of
board, which is normally not a glorious deed according to the old, good
principles. The depth of this idea is based on the plan to annoy Black as much
as possible on the queenside. I did not want to allow him to solve his
problematic bishop.} Nb6 (13... b6 $2 14. Nc6) 14. Bh6 Ng7 15. Nd2 $1 {Another
important strategy. Bringing a rook to d1 was very much appealing, however, it
was not urgent at all, because I do not have any opportunities for a future
penetration. My goal with the text move was to connect my knights and prepare
the advance of f2-f4 to create some dynamical resources finally.} Re8 16. Rad1
Bf8 17. c3 c6 18. b4 ({I had realized that in case of the instant action with} 
18. Ndc4 Qc7 19. f4 Nd7 {I would have to overprotect my knight anyway.} 20. b4
(20. Qf3 b5 21. fxe5 Re7 $132) (20. Nb3 b5 21. Nxe5 Nxe5 22. fxe5 Be6 $13)
20... b6 21. Nb3 Ba6 $132 {was my calculation and I did not like my position
much.}) 18... Qc7 19. f4 $1 {It was time to break his very solid structure
somewhere.} exf4 (19... Na4 20. Qf3 Nxc3 {looks too greedy to be good enough.}
21. Qxc3 Qb6+ 22. Kh1 Bxb4 23. Qf3 Qxa5 24. Nc4 $44) 20. gxf4 $2 {A too risky
continuation. Taking care of the pawn structure should not enjoy higher
priority than focusing on the harmony among pieces.} ({Unfortunately I did not
listen the echo of my intuition, as} 20. Bxf4 $1 {was my original idea:} Qe7
21. Ndc4 Nxc4 22. Nxc4 Be6 23. Nd6 (23. Bd6 Bxc4 24. Qxc4 Qe6 {would have
equalized just easily.}) 23... Red8 24. e5 {For some reason I had
underestimated my chances here.} Nh5 (24... Nf5 25. Ne4 Rxd1 26. Nf6+ Kh8 27.
Rxd1 $14) 25. Be3 {and White's prospects are better thanks to his activity.})
20... Be6 21. a3 f5 {It is already visible that the previous gxf4 recapture
has resulted more drawbacks than pluses: the white bishop is out of play on h6,
the central pawns are more vulnerable than useful, and the f1-rook cannot work
that well either.} (21... Rad8 {was certainly also good.}) 22. c4 ({I had to
reject} 22. e5 {because after} Nd5 23. Rf3 Nh5 {the f4-pawn would have been
under huge pressure.} 24. Bxf8 Kxf8 $1 (24... Rxf8 25. Qf2) 25. Qf2 (25. Rdf1
$2 Ndxf4 $1 26. Rxf4 Nxf4 27. Rxf4 Bd5 28. Bxd5 Rxe5 $17) 25... Qb6 26. c4
Qxf2+ 27. Kxf2 Ndxf4 28. Nxb7 Nxg2 29. Kxg2 Bc8 $13) 22... Rad8 ({Frankly
speaking I was rather afraid of} 22... c5 23. e5 Rab8 24. Rb1 (24. b5 $2 {
is not possible due to} Na4) 24... cxb4 25. axb4 Bxb4 26. Nxb7 Rxb7 27. Rxb4
Qc5+ 28. Qf2 Qxb4 29. Bxb7 Rd8 $17) 23. e5 Na4 (23... Rd4 {would win a pawn,
but White gets nice activity in return:} 24. Nab3 Bxc4 25. Nxc4 Rxc4 26. Na5
Rc3 27. Qb2 Na4 28. Qa2+ Kh8 29. Kh1 $44) 24. Rc1 Rd7 (24... Nc5 {looks
attractive, but I have} 25. Nab3) 25. Nf3 (25. Ndb3 $1 {came into serious
consideration to prevent Nc5.} Be7 26. Qc2 Red8 $13 {Still, it is not easy to
find an effective plan.}) 25... Be7 (25... Nc5 $1 {was the best moment
bringing the knight into the game finally.} 26. Ng5 Nd3 27. Rc3 Nxb4 $1 28.
Bxg7 Rxg7 29. Nxe6 Rxe6 30. Nxb7 Qxb7 31. axb4 Qxb4) 26. Ng5 Red8 27. Nb3 Rd3
28. Nxe6 Nxe6 29. Bd5 $1 {This little tactical blow was my trap. However, I
had to notice sadly that it was still hardly enough for an advantage.} R3xd5 ({
I had evaluated} 29... Rxb3 30. Bxe6+ Kh8 {as something not dreadful either,
but the engine refutes it quickly:} 31. Qg2 $3 {[%cal Ge6f5]} Bf8 32. Bxf8 $1
Rxf8 33. c5 Rxa3 34. Rf3 $1 Rxf3 35. Qxf3 {White's strong passer and the dead
black knight are the main reasons of Black's huge problems.} b6 36. Bb3 b5 37.
Rd1 $18) (29... Qb6+ 30. Kh1 cxd5 31. Qxd3 Nb2 32. Qf3 Nxc4 $44 {would be also
interesting.}) 30. cxd5 Rxd5 31. Rfd1 Nb6 32. Rxd5 Nxd5 33. Qf2 Qb8 $2 {
A too timid reply.} (33... Qb6 34. Qxb6 axb6 $44 {was a realistic way to
proceed.}) 34. Nd4 Nxd4 $2 {The decisive mistake.} ({I was anticipating} 34...
Kf7 35. Nxe6 Kxe6 $44 {and it is not easy to a find a way breaking through
with my heavy pieces.}) 35. Qxd4 Bd8 (35... a6 36. e6 Bf6 37. Qd3 $16) 36. Kh1
Kf7 (36... a6 37. a4 $18) 37. b5 Be7 38. bxc6 bxc6 39. e6+ $1 ({Black resigned
on account of} 39. e6+ Kxe6 40. Rxc6+ Bd6 41. Qe5+ Kd7 42. Qxd5 Qb1+ 43. Kg2
Qb2+ 44. Kh3 Qxa3+ 45. Kh4 $18) 1-0

[Event "Beersheba"]
[Site "Beersheba"]
[Date "1993.??.??"]
[Round "7"]
[White "Tseitlin, Mark D"]
[Black "Mikhalevski, Alexander"]
[Result "0-1"]
[WhiteElo "2430"]
[BlackElo "2440"]
[Annotator "Horn,Pe"]
[PlyCount "84"]
[EventDate "1993.??.??"]
[EventType "tourn"]
[EventRounds "11"]
[EventCountry "ISR"]
[EventCategory "12"]
[SourceTitle "CBM 038"]
[Source "ChessBase"]
[SourceDate "1994.02.01"]
[SourceVersion "1"]
[SourceVersionDate "1994.02.01"]
[SourceQuality "1"]

1. g3 d5 2. Bg2 Nf6 3. d3 Bg4 4. h3 Bh5 5. c4 $146 (5. f4 $6 e6 6. Nd2 Bc5 7.
g4 Bg6 8. e4 $2 Nxe4 $19) (5. Nf3 {-> A08}) (5. Nd2) 5... c6 6. Qb3 Qc8 (6...
Qb6 $5 $13) 7. cxd5 cxd5 8. Nc3 e6 9. g4 (9. e4 dxe4 10. dxe4 Nc6 11. Be3 $13 (
11. g4 $2 Bg6 12. f4 h5 $17) (11. Nge2 $5 $13) (11. e5 $2 Nd7 12. f4 Nc5 $17))
(9. Nf3 $10) 9... Bg6 10. h4 (10. Nf3 $10) 10... h5 (10... Nxg4 $4 11. Qa4+ $18
) 11. g5 Nfd7 12. Nh3 (12. Bf4 $5 Nc6 (12... e5 $2 13. Bg3 d4 14. Bxb7) 13. Nf3
$13) 12... Nc6 13. Nf4 Nde5 14. Bd2 (14. Bh3 $5) 14... Qd7 15. Qa4 (15. Nxg6
Nxg6 16. Qa4 $13) 15... Bf5 16. Rc1 Be7 17. Nb5 Ng6 18. e4 $2 (18. Nxg6 Bxg6
19. Nd4 Nxd4 20. Qxd4 O-O $15) 18... dxe4 19. dxe4 Rd8 $1 20. Be3 (20. Rd1)
20... Bb4+ 21. Nc3 Nxf4 22. Bxf4 Bg4 23. O-O (23. f3 e5 24. Rd1 Qxd1+ 25. Qxd1
Rxd1+ 26. Kxd1 $10) 23... Bxc3 24. Rxc3 e5 25. Bg3 O-O 26. Kh2 Qd2 $17 27. Rxc6
$2 bxc6 28. Bxe5 Be2 29. Rg1 Rfe8 $1 $19 30. Bg3 (30. Bc3 $4 Qf4+ $19) 30...
Qxb2 31. Qxa7 Qc3 32. Rb1 Qc4 33. Qc7 Rc8 34. Qf4 Bd3 35. Rb7 Bxe4 36. g6 fxg6
37. Bh3 Rcd8 38. Qc7 Qd4 39. Kg1 Kh7 40. a4 Qa1+ 41. Bf1 Bd3 42. Kh2 Bxf1 0-1

[Event "YUG-ch"]
[Site "Kladovo"]
[Date "1990.??.??"]
[Round "?"]
[White "Nikolic, Zivoslav"]
[Black "Dizdar, Goran"]
[Result "1/2-1/2"]
[WhiteElo "2455"]
[BlackElo "2470"]
[Annotator "Horn,Pe"]
[PlyCount "46"]
[EventDate "1990.02.??"]
[EventType "tourn"]
[EventRounds "15"]
[EventCountry "YUG"]
[EventCategory "9"]
[SourceTitle "CBM 017"]
[Source "ChessBase"]
[SourceDate "1990.08.01"]
[SourceVersion "1"]
[SourceVersionDate "1990.08.01"]
[SourceQuality "1"]

1. g3 d5 2. Bg2 c6 3. d3 e5 4. Nf3 Nd7 5. O-O Ngf6 6. e4 (6. Nc3 Bb4 (6... d4
7. Nb1 Bd6 8. c3 c5 9. Nbd2 O-O 10. a4 Re8 11. Nc4 Bc7 $14 {Gawehns-Westerinen
(1988)}) 7. Bd2 O-O 8. a3 Ba5 9. b4 Bb6 10. e4 dxe4 11. dxe4 Re8 12. Qe2 $14 {
Hickl-King, Dortmund-A 1989}) 6... dxe4 7. dxe4 Bc5 (7... Nxe4 $5 8. Nxe5 Nxe5
9. Qxd8+ Kxd8 10. Bxe4 Bd6 11. Nc3 Kc7 12. Bg2 Bf5 13. Ne4 Bxe4 14. Bxe4 Rhe8
$10 {Spraggett-Yusupov (4), Quebec ct 1989}) 8. Nbd2 O-O (8... Qc7 9. a4 a5 10.
b3 O-O 11. Bb2 b5 12. Ne1 $5 Ba6 13. Nd3 Bb6 14. c4 b4 $2 $16 {Gurieli-Ranniku,
Alicante 1979}) 9. Qe2 {N} (9. b3 Re8 10. Bb2 b5 11. a3 a5 12. c3 Bd6 $10 {
Gufeld-Browne, Palma GMA-op 1989}) (9. a4 $5) 9... Qc7 10. b3 a5 11. a4 b5 12.
c4 bxa4 $5 {besser als b5-b4 wie in Gurieli-Ranniku} 13. Rxa4 Bb4 {/\ Nc5} 14.
Bb2 {verhindert Nc5} Re8 {/\ Nc5} 15. Rfa1 Rb8 (15... Nc5 $4 16. Rxb4) 16. R4a2
Nc5 {/\ Bg4; S hat das Geplänkel um Nc5 gewonnen} 17. h3 Bb7 18. Qe3 Rbd8 19.
Bf1 Rxd2 20. Nxd2 Bxd2 21. Qxd2 Nxb3 22. Qc3 Nxa1 23. Rxa1 Nxe4 1/2-1/2

[Event "Sonnevanck 3rd"]
[Site "Wijk aan Zee"]
[Date "1993.??.??"]
[Round "2"]
[White "Kuijf, Marinus"]
[Black "Wojtkiewicz, Aleksander"]
[Result "0-1"]
[WhiteElo "2445"]
[BlackElo "2570"]
[Annotator "Horn,Pe"]
[PlyCount "80"]
[EventDate "1993.??.??"]
[EventType "tourn"]
[EventRounds "9"]
[EventCountry "NED"]
[EventCategory "10"]
[SourceTitle "CBM 040"]
[Source "ChessBase"]
[SourceDate "1994.06.01"]
[SourceVersion "1"]
[SourceVersionDate "1994.06.01"]
[SourceQuality "1"]

1. Nc3 c5 2. Nf3 e6 3. d4 cxd4 (3... Nf6 4. e4 cxd4 5. Nxd4) 4. Nxd4 a6 5. g3
Nf6 6. Bg2 Be7 (6... d5 $6 7. O-O Bc5 8. e4 dxe4 9. Be3 Ba7 10. Nxe4 Nxe4 11.
Bxe4 O-O 12. c3 $14 {Mestrovic-Doda/Sarajevo/1979}) 7. O-O O-O 8. Bf4 $6 (8. b3
$6 d5 9. Bb2 $2 (9. e4 e5 10. Nde2 d4 11. Nd5 Nxd5 12. exd5 Bd6 $10) 9... e5
10. Nf3 Nc6 $17) (8. e4 $1 d6 {->B80}) (8. Nb3 d5 $6 (8... Nc6 9. e4 {->B80})
9. e4 dxe4 10. Nxe4 $14) (8. a4 $5) 8... d6 $1 (8... d5 9. e4 $14) 9. Nb3 Nc6
10. a4 (10. e4) 10... d5 $15 11. a5 $6 (11. e4 d4 12. Ne2 e5 $15) 11... Bb4 12.
Bd2 Nxa5 13. Nxd5 $1 (13. Nxa5 Bxa5 14. Rxa5 Qxa5 15. Nxd5 Qd8 16. Nxf6+ Qxf6
$19) 13... Nxb3 (13... Nxd5 14. Nxa5 $14) 14. Nxf6+ Qxf6 15. Bxb4 (15. cxb3 Rd8
16. Bxb4 {->game}) 15... Rd8 (15... Nxa1 $2 16. Bxf8 Kxf8 17. Qxa1 $14) 16.
cxb3 $8 Rxd1 17. Rfxd1 $44 e5 18. Rd6 (18. Bc3 Be6 19. Bxb7 Rb8 20. Rxa6) 18...
Be6 19. Bxb7 Rb8 20. Rdxa6 h5 21. Be4 g6 22. Ra8 Rxa8 23. Rxa8+ Kh7 24. Bc3 (
24. h4 $5 Bxb3 25. Bc3 $10) 24... Bh3 25. Ra1 Qb6 26. b4 (26. Bxe5 Qe6 (26...
Qb5 27. Bc3 Qxe2 28. Bg2 $10) 27. Ra5 f6 28. Ra7+ Kg8 (28... Kh6 $2 29. Bf4+ g5
30. Rh7#) 29. Ra8+ $10) 26... Qb5 27. Bf3 (27. Bd3 $2 Qd5 28. f3 f5 {/\ e4->})
27... f6 28. Ra7+ $2 (28. e4) 28... Kh6 29. Bd2+ g5 30. Be4 f5 31. Bf3 e4 32.
Bg2 Bxg2 33. Kxg2 Qxe2 $19 34. Rd7 f4 35. Rd6+ Kh7 36. Rd7+ Kg6 37. Rd6+ Kf5
38. Bc3 e3 39. Rf6+ Ke4 40. Re6+ Kd3 0-1

[Event "FRA-NED"]
[Site "Cannes"]
[Date "1990.??.??"]
[Round "6"]
[White "Ligterink, Gert"]
[Black "Kouatly, Bachar"]
[Result "1-0"]
[WhiteElo "2410"]
[BlackElo "2490"]
[Annotator "Horn,Pe"]
[PlyCount "67"]
[EventDate "1990.02.??"]
[EventType "schev"]
[EventRounds "10"]
[EventCountry "FRA"]
[SourceTitle "CBM 018"]
[Source "ChessBase"]
[SourceDate "1990.10.01"]
[SourceVersion "1"]
[SourceVersionDate "1990.10.01"]
[SourceQuality "1"]

1. Nc3 c5 2. Nf3 d5 3. e4 dxe4 {N} (3... d4 4. Ne2 Nc6 5. Ng3 g6 (5... e5 6.
Bc4 Be6 7. Qe2 Nf6 8. Bb5 Bd6 9. Ng5 Rc8 10. Nxe6 fxe6 11. Bc4 Qd7 {van
Geet-Bergsma, Rotterdam 1958}) 6. Bc4 Bg7 (6... e5 7. d3 f6 8. c3 Nge7 9. Qb3
Bg7 10. cxd4 cxd4 11. Bd2 {van Geet-Bobozov, Wijk 1968}) 7. Ng5 Ne5 8. Bb5+ Bd7
9. Bxd7+ Nxd7 10. d3 e5 11. h4 h5 12. c3 Nh6 13. Qb3 O-O {van Geet-Donner,
Utrecht 1965}) (3... Nf6 {-> Sizilianisch (2... f6)}) 4. Nxe4 Qa5 $6 (4... e6
5. d4 $14) 5. Bc4 e6 6. Qe2 Be7 7. O-O Nf6 8. d4 cxd4 9. Nxd4 O-O 10. Bg5 Qd8
$6 (10... Nbd7 $16) 11. Rad1 Nxe4 12. Nc6 Nc3 13. bxc3 Nxc6 14. Rxd8 Rxd8 15.
Bxe7 Nxe7 16. Bd3 Nd5 17. Qe4 Nf6 18. Qh4 h6 19. f4 h5 20. Rf3 Rd5 21. Rg3 Kf8
22. Rg5 b5 23. Qg3 g6 24. Rxd5 Nxd5 25. f5 $1 gxf5 26. Qd6+ Kg7 27. Bxf5 Bb7
28. Be4 Rc8 29. Qe5+ Kf8 30. Qxh5 Ke7 31. Qg5+ Kd6 32. h4 f5 33. Bf3 Ke5 34.
Qg7+ 1-0

[Event "USA-ch"]
[Site "USA"]
[Date "1989.??.??"]
[Round "10"]
[White "Rohde, Michael A"]
[Black "Browne, Walter Shawn"]
[Result "0-1"]
[WhiteElo "2550"]
[BlackElo "2555"]
[Annotator "Horn,Pe"]
[PlyCount "146"]
[EventDate "1989.11.??"]
[EventType "tourn"]
[EventRounds "15"]
[EventCountry "USA"]
[EventCategory "12"]
[SourceTitle "CBM 019"]
[Source "ChessBase"]
[SourceDate "1990.12.01"]
[SourceVersion "1"]
[SourceVersionDate "1990.12.01"]
[SourceQuality "1"]

1. g3 e5 2. Bg2 d5 3. d3 Nf6 4. Nf3 Bd6 5. Nc3 c6 6. e4 dxe4 7. dxe4 O-O 8. O-O
Na6 9. h3 (9. Qe2 h6 10. Rd1 Qe7 11. Nh4 Bb4 12. Bd2 Nc5 $2 13. Nd5 $1 $16 {
Hickl-Bönsch, Potsdam 1989}) 9... Nc7 10. Nh4 $6 {Mit diesem Manöver erreicht
W hier nichts.} (10. Be3 $10) 10... Ne6 11. Nf5 Bc7 12. Be3 g6 13. Nh4 (13.
Nh6+ Kg7 {/\ Bb6}) 13... Bb6 14. Bh6 Re8 15. Nf3 Qxd1 16. Raxd1 Nd4 $15 17.
Nxd4 Bxd4 18. Na4 $2 (18. Bd2) 18... a5 $1 {behauptet den B auf der Diagonale
a7-g1} (18... b5 19. c3) 19. c3 Ba7 20. b3 b5 21. Nb2 Be6 22. Rd6 Rec8 23. Rfd1
a4 $1 $17 24. bxa4 bxa4 25. Nxa4 Ne8 26. R6d2 Bxf2+ 27. Kxf2 Rxa4 {der Pa2 ist
nicht mehr zu verteidigen.} 28. Bf1 Rca8 29. Be2 f6 30. Rb1 Rxa2 31. Rxa2 Rxa2
32. Ke3 (32. Rb8 Bc4) 32... Ra7 33. Rb6 Rc7 34. g4 Kf7 35. Rb8 Ke7 36. h4 Rc8
37. Rb6 Nd6 38. g5 f5 39. Bg7 Nxe4 40. Bxe5 Bd7 41. Ra6 Nd6 42. c4 Rb8 43. Kd4
Rb3 44. c5 Nb5+ 45. Bxb5 Rxb5 46. Bd6+ Ke6 47. Kc4 Rb2 48. Ra1 Re2 49. Rd1 Kf7
50. Kc3 Ra2 51. Re1 Be6 52. Rb1 Ra3+ 53. Kd2 Bb3 54. Re1 Ra7 55. Rb1 Ra3 56.
Re1 Ra7 57. Kc3 Bd5 58. Rb1 Ke6 59. Rb8 Ra3+ 60. Kb2 Ra2+ 61. Kb1 Rf2 62. Rb4
Be4+ 63. Kc1 Kd5 64. Kd1 Rg2 65. Rb7 Kd4 66. Kc1 Ke3 67. Rf7 Rc2+ 68. Kb1 Rh2+
69. Ka1 Ra2+ 70. Kxa2 Bd5+ 71. Kb2 Bxf7 72. Kc2 f4 73. Kd1 f3 0-1